000 00914nam a22003017a 4500
001 BR0400929
003 BR-BrBNA
005 20230928101514.0
007 ta
008 230509b bl.||||| |||| 00| 0 por d
040 _aBR-BrBNA
_bpor
_cBiblioteca Nacional de Agricultura
041 _a(Por)
072 _aP34
_b3875
090 _ 3875 BR0400929
100 1 _aCarvalho, R.F. de
110 1 _aUniversidade Federal de Lavras, MG (Brasil)
_0Tese (Mestrado)
245 1 _aSorção e degradação do fungicida triadimenol em solos representativos do Município de Lavras - MG
260 3 _aLavras, MG (Brasil):
_c2000.
300 _a54 P.
500 _aSummaries (Eng, Por); 24 ref.; 16 illus.; 21 tables
650 _aFUNGICIDA
650 _aDETERIORAÇÃO DO SOLO
650 _aABSORÇÃO
650 _aADSORÇÃO
650 _aMINAS GERAIS
909 _a202309
_bLucia
_c55
_dLucia Elande
942 _cBK
999 _c66164
_d66164